000687306 001__ 687306 000687306 005__ 20260304121532.0 000687306 037__ $$aRWTH-2017-03227 000687306 041__ $$aEnglish 000687306 1001_ $$0P:(DE-82)IDM00392$$aHoppe, Fabian$$b0$$urwth 000687306 1112_ $$a12. Internationale Tagung Motorische Verbrennung = 12th International Congress of Engine Combustion Processes$$cLudwigsburg$$d2015-03-12 - 2015-03-13$$gENCOM 2015$$wGermany 000687306 245__ $$aTailor-made fuels for future engine concepts 000687306 260__ $$c2015 000687306 3367_ $$033$$2EndNote$$aConference Paper 000687306 3367_ $$0PUB:(DE-HGF)6$$2PUB:(DE-HGF)$$aConference Presentation$$bconf$$mconf 000687306 3367_ $$2BibTeX$$aINPROCEEDINGS 000687306 3367_ $$2DRIVER$$aconferenceObject 000687306 3367_ $$2DataCite$$aOther 000687306 3367_ $$2ORCID$$aLECTURE_SPEECH 000687306 536__ $$0G:(GEPRIS)39030946$$aDFG project 39030946 - EXC 236: Maßgeschneiderte Kraftstoffe aus Biomasse (39030946)$$c39030946$$x0 000687306 591__ $$aGermany 000687306 7001_ $$0P:(DE-82)IDM00522$$aHeuser, Benedikt$$b1$$urwth 000687306 7001_ $$0P:(DE-82)058187$$aKremer, Florian$$b2$$urwth 000687306 7001_ $$0P:(DE-82)IDM00263$$aPischinger, Stefan$$b3$$urwth 000687306 7001_ $$0P:(DE-82)014272$$aDahmen, Manuel$$b4$$urwth 000687306 7001_ $$0P:(DE-82)014271$$aHechinger, Manuel$$b5$$urwth 000687306 7001_ $$0P:(DE-82)000870$$aMarquardt, Wolfgang$$b6$$urwth 000687306 7870_ $$0RWTH-2015-06017$$iRelatedTo 000687306 909CO $$ooai:publications.rwth-aachen.de:687306$$qVDB 000687306 9101_ $$0I:(DE-588b)36225-6$$6P:(DE-82)IDM00392$$aRWTH Aachen$$b0$$kRWTH 000687306 9101_ $$0I:(DE-588b)36225-6$$6P:(DE-82)IDM00522$$aRWTH Aachen$$b1$$kRWTH 000687306 9101_ $$0I:(DE-588b)36225-6$$6P:(DE-82)058187$$aRWTH Aachen$$b2$$kRWTH 000687306 9101_ $$0I:(DE-588b)36225-6$$6P:(DE-82)IDM00263$$aRWTH Aachen$$b3$$kRWTH 000687306 9101_ $$0I:(DE-588b)36225-6$$6P:(DE-82)014272$$aRWTH Aachen$$b4$$kRWTH 000687306 9101_ $$0I:(DE-588b)36225-6$$6P:(DE-82)014271$$aRWTH Aachen$$b5$$kRWTH 000687306 9101_ $$0I:(DE-588b)36225-6$$6P:(DE-82)000870$$aRWTH Aachen$$b6$$kRWTH 000687306 9141_ $$y2015 000687306 961__ $$c2017-03-27T10:39:13.554573$$x2017-03-27T10:39:13.554573$$z2017-03-28 000687306 9801_ $$aPublicReference 000687306 980__ $$aI:(DE-82)080026_20160919 000687306 980__ $$aI:(DE-82)412310_20140620 000687306 980__ $$aI:(DE-82)416710_20140620 000687306 980__ $$aUNRESTRICTED 000687306 980__ $$aconf